000 00407nam a2200157Ia 4500
003 Ost
005 20260225132555.0
008 260225s9999||||xx |||||||||||||| ||und||
040 _cfsic
041 _afre
082 _a440
100 _aCherif Ouabdesselam
_eAuteur
245 0 _aL'Esprit d'entreprise :
245 0 _bclé du developpement reflexion d'un manager /
_cCherif Ouabdesselam
942 _cكتاب
999 _c34402
_d34402